À gauche, au centre, ou à droite ? - Statistiques

Statistiques générales
  • Ce quiz a été pris 91 fois
  • Le résultat moyen est 14 sur 20
Statistiques - réponses
Hint Réponse % Correct
LFI Gauche
94%
Les flics Droite
90%
Le rap engagé Gauche
90%
Les traditions Droite
89%
Le ski Droite
86%
L'argent à foison Droite
86%
L'écologie Gauche
86%
La musique classique Droite
84%
L'écriture inclusive Gauche
84%
Les professeur•es Gauche
78%
Javier Milei Droite
72%
BFM TV Droite
69%
Le Laos Gauche
60%
L'OTAN Droite
57%
L'UE (et les europhiles) Centre
54%
Renaissance Centre
46%
Jean Lassale Droite
42%
Le Média Gauche
42%
Se disent "pragmatiques" Centre
38%
Franceinfo Centre
36%
Aucun quiz correspondant
Distribution des résultats
% des personnes avec chaque résultat
Percentile par nombre de réponses
Votre historique - résultats
Vous n’avez pas pris ce quiz